000 00379nam a22001577a 4500
008 250702b |||||||| |||| 00| 0 eng d
020 _a9789780881955
050 _aHF5415
_b.E55
100 _aEnikanselu Ayodel Sunday
245 _aBasic Marketing
250 _a3rd
260 _aLagos
_bOlas ventures
_c2008
300 _axiv, 734p.
_bill.
650 _aMarketing
942 _cBK
999 _c4042
_d4042